Toutes les sélections nationales de foot par logo. - Statistiques

Statistiques générales
  • Ce quiz a été pris 229 fois
    197 depuis la dernière actualisation
  • Le résultat moyen est 81 sur 211
Statistiques - réponses
Par images Réponse % Correct
Argentine
100%
France
100%
Angleterre
99%
Belgique
99%
Brésil
99%
Croatie
99%
Italie
99%
Portugal
99%
Espagne
98%
Allemagne
97%
Pays-Bas
97%
Maroc
95%
États-Unis
93%
Suède
93%
Japon
92%
Colombie
91%
Iran
91%
Sénégal
89%
Uruguay
89%
Mexique
88%
Autriche
87%
Turquie
87%
Norvège
86%
Pays de Galles
86%
Australie
85%
Canada
85%
Grèce
84%
Qatar
84%
Danemark
83%
Albanie
81%
Jamaïque
81%
Tunisie
81%
Algérie
79%
Cameroun
79%
Pologne
79%
Côte d'Ivoire
78%
Pérou
78%
Ukraine
78%
Irlande
77%
Panama
77%
Slovaquie
77%
Écosse
74%
Suisse
74%
Finlande
72%
Mali
72%
Hongrie
71%
Égypte
70%
Haïti
70%
Ghana
69%
Irak
68%
Chili
66%
Bosnie-Herzégovine
65%
Arabie Saoudite
64%
République Démocratique du Congo
64%
Venezuela
64%
Corée du Sud
62%
Chine
60%
Monténégro
60%
Nouvelle-Zélande
60%
Slovénie
60%
Équateur
59%
Costa Rica
58%
Burkina Faso
57%
Roumanie
56%
Honduras
55%
Russie
55%
Jordanie
52%
Serbie
52%
Liban
50%
République Tchèque
50%
Irlande du Nord
49%
Corée du Nord
48%
Israël
48%
Niger
47%
Chypre
46%
Émirats arabes unis
45%
Gabon
45%
Népal
45%
Bulgarie
43%
Islande
43%
Togo
43%
Macédoine du Nord
42%
Paraguay
40%
République centrafricaine
39%
Bolivie
38%
Guinée équatoriale
38%
Zimbabwe
37%
Nigéria
36%
Congo
35%
Inde
35%
Mauritanie
35%
Moldavie
35%
Syrie
35%
Tanzanie
35%
Azerbaïdjan
33%
Guinée
33%
Luxembourg
33%
Sierra Leone
33%
Vietnam
33%
Tonga
32%
Turkménistan
31%
Afrique du Sud
30%
Cap-Vert
30%
Porto Rico
30%
Andorre
29%
Gambie
29%
Géorgie
28%
Angola
27%
Guyana
26%
Laos
26%
Oman
26%
Soudan
26%
Yémen
26%
Nicaragua
25%
Salvador
25%
Guinée-Bissau
24%
Kazakhstan
24%
Palestine
24%
Papouasie-Nouvelle-Guinée
24%
Saint-Vincent-et-les-Grenadines
24%
Arménie
23%
Éthiopie
23%
Liberia
23%
Ouganda
23%
Soudan du Sud
23%
Timor Oriental
23%
Hong Kong
22%
Libye
22%
Malawi
22%
Ouzbékistan
22%
Rwanda
22%
Cambodge
21%
Estonie
21%
Koweït
21%
Lesotho
21%
Érythrée
19%
Zambie
19%
Bahreïn
18%
Belize
18%
Dominique
18%
Grenade
18%
Kosovo
18%
Barbade
17%
Bénin
17%
Comores
17%
Saint-Marin
16%
Samoa
16%
Tchad
16%
Botswana
15%
Liechtenstein
15%
Madagascar
15%
Gibraltar
14%
Djibouti
12%
Trinité-et-Tobago
12%
Mozambique
11%
Tahiti
11%
Thaïlande
11%
Sri Lanka
10%
Biélorussie
9%
Guam
9%
Guatemala
9%
Îles Féroés
9%
Lettonie
9%
Tadjikistan
9%
Cuba
8%
Curaçao
8%
Macao
8%
Malaisie
8%
Vanuatu
8%
Kenya
7%
Kirghizistan
7%
Malte
7%
Afghanistan
6%
Bhoutan
6%
Îles Salomon
6%
Îles Vierges américaines
6%
Indonésie
6%
Saint-Kitts-et-Nevis
6%
São Tomé-et-Príncipe
6%
Suriname
6%
Birmanie
5%
Namibie
5%
Nouvelle-Calédonie
5%
République dominicaine
5%
Seychelles
5%
Somalie
5%
Anguilla
4%
Antigua-et-Barbuda
4%
Bangladesh
4%
Brunei
4%
Burundi
4%
Eswatini
4%
Îles Vierges britanniques
4%
Lituanie
4%
Maldives
4%
Mongolie
4%
Pakistan
4%
Philippines
4%
Sainte-Lucie
4%
Bahamas
3%
Bermudes
3%
Fidji
3%
Îles Caïmans
3%
Montserrat
3%
Samoa américaines
3%
Singapour
3%
Taïwan
3%
Aruba
2%
Île Maurice
2%
Îles Cook
2%
Îles Turks et Caïques
2%
Aucun quiz correspondant
Distribution des résultats
% des personnes avec chaque résultat
Percentile par nombre de réponses
Votre historique - résultats
Vous n’avez pas pris ce quiz depuis la dernière actualisation